00645nam a22002057a 450000500170000001000150001702000260003203500130005803700130007108200130008424501120009726000310020927000650024030000260030550000190033165000130035065000260036365000340038970000160042320100819153022.0 aENG-100975 a9780415550710c895.00 aEN-84508 bDBAD/PUB a342.5029 aPolitical governance and minority rights :bthe South and South-East Asian scenario /cedited by Lipi Ghosh aNew DelhibRoutledgec2009 a912-915 Tolstoy House, 15-17 Tolstoy MargbNew Delhie110001 axlii,349p.c23cm (Hb) aIncludes index aMinority aMinority-Civil rights aPolitical sciencezSouth Asia aGhosh, Lipi